[Event "RUS-chT Premier League 2018"]
[Site "Sochi"]
[Date "2018.05.07"]
[Round "6"]
[White "Drygalov, Andrey"]
[Black "Grachev, Boris"]
[Result "1-0"]
[WhiteElo "2431"]
[BlackElo "2647"]
[Annotator "TA"]
[PlyCount "88"]
[EventDate "2018.??.??"]
[EventCountry "RUS"]
[SourceTitle "playchess.com"]
[Source "ChessBase"]
[SourceQuality "1"]

{[%evp 21,88,22,31,50,50,23,32,25,29,-2,0,0,85,79,82,79,80,81,83,55,50,56,136,105,180,165,231,131,141,146,129,77,99,31,68,-4,87,24,17,18,29,28,71,83,68,66,259,266,245,247,244,268,358,356,345,241,236,245,319,329,443,358,445,352,431,424,411,415,768]} 1. e4 c5 2. Nf3 e6 3. d4 cxd4 4. Nxd4 Nc6 5. Nc3 a6 6. Be3 Nf6 7. Qf3 {B46: Sicilian: Taimanov: 5 Nc3 a6} Qc7 8. O-O-O Ne5 9. Qg3 b5 10. f4 (10. a3 Bb7 11. Bxb5 Rc8 12. Ba4 Nxe4 13. Nxe4 Bxe4 14. Bf4 Qc4 15. Bxe5 Qxa4 {1-0 (38) Vachier Lagrave,M (2789)-Anand,V (2776) Karlsruhe/Baden-Baden 2018}) 10... Neg4 11. Bg1 b4 $146 {LiveBook: 24 Games} ({Predecessor:} 11... h5 12. Bd3 Bb7 13. e5 b4 14. Na4 Nd5 {1-0 (39) Aravindh,C (2586)-Kulaots,K (2579) Stockholm 2018}) 12. Na4 {Hoping for e5.} h5 13. e5 Nd5 14. h3 Nh6 15. f5 Bb7 16. Bd3 Bc6 (16... Be7 $11) 17. Nxc6 $16 Qxc6 18. fxe6 $1 dxe6 19. b3 g6 20. Qf3 Nf5 21. g4 Nfe7 (21... Bh6+ $14 22. Kb2 Nfe7) 22. Be4 {And now Bc5 would win.} Bh6+ (22... Qc7 $16) 23. Kb1 $18 {Bc5 is the strong threat.} Rc8 (23... Bg7 $142) 24. Bd4 (24. gxh5 $18 {Threatens to win with Bc5.} Bg7 25. hxg6 Nxg6 26. Bd4) 24... h4 $16 25. Rhf1 $1 O-O 26. Qf2 (26. Bc5 $142 {Strongly threatening Bxe7.} Qc7 27. Bd6 (27. Bxd5 Nxd5 28. Bxf8 Qxc2+ 29. Ka1 Rxf8 $11)) 26... Bg5 {[#]} 27. Rd3 ({White should play} 27. Nb6 $1 $16) 27... Qc7 $1 $14 28. Bb2 ({Better is} 28. Bxd5 $14 Nxd5 29. Rf3) 28... Rcd8 {[#]} (28... Bf4 $1 $11) 29. Qc5 (29. Rf3 $1 $16) 29... Qxc5 30. Nxc5 a5 $1 31. Nb7 Ra8 32. Nd6 $36 {[%mdl 2048] White is really pushing.} Ra7 33. Rdf3 {[%cal Rd6f7]} Nc6 $2 (33... Ne3 $14) 34. Bxd5 $18 exd5 {[#]} 35. e6 $1 {[%mdl 512]} f6 (35... fxe6 36. Rxf8+) 36. Nf7 ({Don't take} 36. Bxf6 $6 Bxf6 37. Rxf6 Rxf6) 36... Re8 37. Nxg5 ({Much less strong is} 37. Bxf6 Bxf6 38. Rxf6 Kh7 $18) 37... fxg5 38. Rf6 d4 39. Rxg6+ Kh7 40. Rff6 Rg7 41. Rh6+ Kg8 42. Bc1 Ne7 43. Rh5 Rg6 44. Bxg5 Rf8 {Precision: White = 67%, Black = 54%.} (44... Rxf6 $142 45. Bxf6 Ng6 46. Bxd4 Rxe6 47. Rxa5 Re1+ 48. Kb2 Nf4) 1-0

[Event "RUS-chT Premier League 2018"]
[Site "Sochi"]
[Date "2018.05.07"]
[Round "6"]
[White "Ofitserian, Boris"]
[Black "Goganov, Aleksey"]
[Result "0-1"]
[WhiteElo "2421"]
[BlackElo "2572"]
[Annotator "TA"]
[PlyCount "86"]
[EventDate "2018.??.??"]
[EventCountry "RUS"]
[SourceTitle "playchess.com"]
[Source "ChessBase"]
[SourceQuality "1"]

{[%evp 16,86,13,0,0,0,-16,-24,-18,-20,-19,-72,11,12,27,0,20,35,59,-5,-18,-15,95,89,100,41,34,20,32,20,26,26,26,3,47,-32,-2,-20,-24,-28,-9,-37,0,-77,-79,-158,-168,-156,-164,-163,-154,-485,-485,-443,-473,-470,-468,-447,-384,-690,-637,-747,-736,-810,-804,-780,-780,-723,-671,-806,-535,-512,-507]} 1. d4 d5 2. c4 c6 3. Nf3 Nf6 4. g3 Bg4 5. Ne5 Bf5 6. cxd5 {D11: Slav Defence: 3 Nf3 sidelines and 3...Nf6 4 e3 Bg4} cxd5 (6... Qxd5 7. Nf3 Bxb1 8. Rxb1 Qxa2 9. Qc2 Na6 10. Bd2 e6 11. Bg2 Nb4 12. Qc1 Qa6 {1-0 (54) Dreev,A (2653)-Movsesian,S (2647) Riadh 2017}) 7. Nc3 Nc6 8. Bg2 e6 9. O-O {LiveBook: 5 Games} Rc8 10. Bg5 Be7 $146 ({Predecessor:} 10... h6 11. Bxf6 Qxf6 12. Nxc6 bxc6 13. e4 Bg6 14. exd5 exd5 15. Qa4 {1-0 (43) Manzi,L (2044)-Schwertner,J (1799) Florianopolis 2017}) 11. Qa4 Qb6 12. e4 dxe4 13. g4 (13. Rfd1 $11 {keeps the balance.}) 13... Bg6 ({Black should try} 13... Nxg4 $17 14. Bxe7 Kxe7 15. Nxg4 Bxg4 16. Qa3+ Qb4 17. Qxb4+ Nxb4 18. Bxe4 Rhd8) 14. h4 $36 {[%mdl 2048] White is pushing.} Qxb2 15. Nb5 (15. Rfc1 $5 {[%cal Ra1b1]} h6 16. Be3 $15) 15... Qb4 16. Qxb4 Nxb4 17. Nxa7 (17. Rfc1 $14 Nc6 18. h5) 17... Ra8 $1 {[%cal Ra8a7]} 18. Nb5 {aiming for Nc7+.} Ra5 {[#]} (18... Nfd5 $11) 19. a4 $1 $16 h6 20. Bxf6 (20. Nxg6 $16 fxg6 21. Bd2) 20... gxf6 $14 21. Nc4 Ra6 {Strongly threatening ...Kf8.} 22. Nc7+ Kf8 $1 23. Nxa6 bxa6 24. Rac1 (24. h5 $5 {[%cal Rh5g6]} Bh7 25. Rac1 $14) 24... Kg7 25. Ne3 (25. h5 $14 Bh7 26. Ne3) 25... h5 $15 {With the idea ...hxg4.} 26. Rc7 Bd6 27. Rd7 Bf4 28. Rb1 Bxe3 29. Rxb4 {[#]} (29. fxe3 $11 Nd5 30. gxh5 Rxh5 31. Rb3) 29... Bd2 $1 $17 {[%cal Rd2b4]} 30. Rb2 (30. Rb3 $142) 30... e3 31. fxe3 Bxe3+ 32. Kf1 hxg4 {Threatens to win with ...Bd3+.} 33. d5 $2 (33. Rb3 $17 {is tougher.} Bf4 34. d5) 33... Bd3+ $19 34. Ke1 {Rb3 is the strong threat.} Rc8 {[%cal Rc8c1]} 35. Rd2 Bxd2+ 36. Kxd2 {[%mdl 4096] Endgame KRB-KRB} Bf5 37. Bf1 $2 (37. dxe6 Rc2+ 38. Ke3 Rxg2 39. Rxf7+ Kg6 40. h5+ Kg5 41. e7 Rg3+ 42. Kd2) 37... e5 {Black is clearly winning.} 38. Re7 Rc2+ 39. Kd1 g3 40. d6 g2 41. Bxg2 Rxg2 42. d7 Bxd7 43. Rxd7 Rg4 {Precision: White = 25%, Black = 65%.} 0-1

[Event "RUS-chT Premier League 2018"]
[Site "Sochi"]
[Date "2018.05.07"]
[Round "6"]
[White "Drygalov, Sergey"]
[Black "Popov, Ivan"]
[Result "1/2-1/2"]
[WhiteElo "2418"]
[BlackElo "2610"]
[Annotator "TA"]
[PlyCount "81"]
[EventDate "2018.??.??"]
[EventCountry "RUS"]
[SourceTitle "playchess.com"]
[Source "ChessBase"]
[SourceQuality "1"]

{[%evp 23,81,0,0,0,0,0,0,0,4,0,0,0,0,0,0,0,0,0,0,0,0,-6,0,0,0,0,0,-2,0,0,0,0,0,0,0,0,0,0,0,0,0,0,0,0,0,0,0,0,0,0,0,0,0,0,0,0,0,0,0,-46]} 1. d4 Nf6 2. c4 e6 3. Nf3 d5 4. g3 dxc4 5. Bg2 Bd7 6. Ne5 Bc6 7. Nxc6 Nxc6 8. e3 Qd7 {E04: Open Catalan: 5 Nf3} 9. Qe2 e5 10. O-O Rd8 11. Qxc4 exd4 12. exd4 Nxd4 {LiveBook: 4 Games. The position is equal.} 13. Be3 $146 ({Predecessor:} 13. Bg5 Be7 14. Nc3 O-O 15. Bxf6 Bxf6 16. Nd5 {0-1 (59) Rozum,I (2586)-Grachev,B (2645) Sochi 2017}) 13... c5 {[%cal Bc7c5,Bc5d4][%mdl 32] [#] Hoping for ...b5.} 14. Bxd4 cxd4 15. Nd2 Be7 16. Rad1 Rc8 17. Qd3 O-O 18. Nb3 Rfd8 19. Qxd4 Qxd4 20. Nxd4 Kf8 21. Bf3 g6 22. Nb3 Rc2 23. Rxd8+ Bxd8 24. Rd1 Bb6 25. Rd2 Rxd2 26. Nxd2 $11 {[%mdl 4096] Endgame KBN-KBN} Bd4 27. Bxb7 Bxb2 28. Ne4 Nxe4 29. Bxe4 {KB-KB} a5 30. a4 Bd4 31. Bd5 Kg7 32. Bc4 h5 33. Kg2 Bc5 34. h4 Kf6 35. Kf3 Bd4 36. Bd5 Bc5 37. Bc4 Bd4 38. Bd5 Bc5 39. Bc4 Bd4 40. Bd5 Bc5 41. Ke4 {Precision: White = 85%, Black = 78%.} 1/2-1/2

[Event "RUS-chT Premier League 2018"]
[Site "Sochi"]
[Date "2018.05.07"]
[Round "6"]
[White "Palachev, Petr"]
[Black "Kamsky, Gata"]
[Result "1/2-1/2"]
[WhiteElo "2402"]
[BlackElo "2670"]
[Annotator "TA"]
[PlyCount "99"]
[EventDate "2018.??.??"]
[EventCountry "RUS"]
[SourceTitle "playchess.com"]
[Source "ChessBase"]
[SourceQuality "1"]

{[%evp 17,99,22,61,8,24,0,0,0,0,0,0,0,0,0,0,0,1,0,7,0,0,0,21,21,21,16,24,0,0,0,0,0,0,0,0,0,0,0,0,0,0,0,0,0,0,0,0,0,0,0,0,0,0,0,0,0,0,0,0,0,0,0,0,0,0,0,0,0,0,0,0,0,0,0,0,0,0,0,0,0,0,0,0,0]} 1. d4 f5 2. c4 e6 3. g3 Nf6 4. Bg2 d5 5. Nh3 c6 6. Qc2 Bd6 7. Bf4 O-O 8. O-O Be7 9. Nd2 Nh5 {LiveBook: 68 Games. A90: Dutch Defence: Miscellaneous and Modern Stonewall (with ...Bd6)} (9... h6 10. f3 g5 11. Be3 Bd7 12. Nf2 Be8 13. Nd3 Nbd7 14. Bf2 Bg6 15. Rae1 Qc7 16. Qc3 Rae8 17. e4 dxe4 18. fxe4 {½-½ (37) Laznicka,V (2654)-Kindermann,S (2502) Germany 2018}) 10. Be5 (10. Nf3 $14) 10... Nd7 $11 11. f4 $146 ({Predecessor:} 11. e3 g5 12. f4 g4 13. Nf2 Nxe5 14. fxe5 Bd7 15. Nd3 Ng7 16. Rac1 h5 17. Nf4 {½-½ (42) Christensen,T (2225)-Rathlev,J (2231) Denmark 2017}) 11... Nhf6 12. Bxf6 Nxf6 13. Nf2 b6 14. cxd5 cxd5 15. Rfc1 Bd7 16. Nf3 Rc8 17. Qd1 Bd6 18. Ne5 Qe7 19. e3 Bxe5 20. dxe5 Ne4 21. Nxe4 fxe4 22. Rxc8 Rxc8 {The position is equal.} 23. Rc1 Rxc1 24. Qxc1 Qc5 25. Qc3 Bb5 26. Kf2 Bd3 27. Bf1 Bxf1 28. Kxf1 {[%mdl 4096] Endgame KQ-KQ} Kf7 29. Ke1 h5 30. h3 Ke7 31. Kd2 Kd7 32. a4 a5 33. g4 g6 34. Kc2 hxg4 35. hxg4 Qe7 36. Qb3 Kc7 37. Qc3+ Kb7 38. g5 Qd7 39. b3 Qh7 40. Kb2 Qh2+ 41. Qc2 Qg3 42. Qe2 Kc7 43. Qc2+ Kd7 44. Qe2 Kd8 45. Qd2 Qf3 46. b4 axb4 47. Qxb4 Qe2+ 48. Kb1 Qd3+ 49. Kb2 Qe2+ 50. Kb1 {Precision: White = 75%, Black = 80%.} 1/2-1/2

[Event "RUS-chT Premier League 2018"]
[Site "Sochi"]
[Date "2018.05.07"]
[Round "6"]
[White "Natacheev, Peter"]
[Black "Iljin, Artem"]
[Result "0-1"]
[WhiteElo "2243"]
[BlackElo "2528"]
[Annotator "TA RC"]
[PlyCount "89"]
[EventDate "2018.??.??"]
[EventCountry "RUS"]
[SourceTitle "playchess.com"]
[Source "ChessBase"]
[SourceQuality "1"]

{[%evp 9,89,0,18,13,14,19,16,14,17,12,56,0,8,-26,-29,-34,-27,-26,0,-8,3,0,-6,0,0,0,0,-20,-2,-17,-5,-18,-15,-8,0,0,0,0,0,0,0,0,0,-13,0,0,0,0,0,-14,-14,-60,-52,-70,-29,-134,-93,-106,-112,-138,-9,-13,-17,-93,-87,-86,-82,-81,-25,-150,-90,-135,-103,-121,-108,-118,0,-301,-297,-316,-326,-310]} 1. d4 Nf6 2. Nf3 e6 3. e3 b6 4. a3 Bb7 5. c4 g6 6. Be2 $146 {E12: Queen's Indian: Unusual White 4th moves, 4 a3, 4 Nc3 Bb7 5 a3 and 4 Nc3 Bb7} ({Predecessor:} 6. Nc3 Bg7 7. Qc2 c5 8. Be2 O-O 9. O-O Qe7 10. Rd1 d5 11. b3 Rd8 12. Bb2 Nbd7 13. Rac1 Rac8 14. cxd5 exd5 {0-1 (32) Markov,M (2344)-Jumabayev,R (2599) Almaty 2015}) 6... Bg7 7. O-O O-O 8. b4 {The position is equal.} c5 9. Bb2 Nc6 10. bxc5 bxc5 11. Nc3 cxd4 12. exd4 Ne7 13. Rb1 Qc7 14. a4 Ne4 15. Nb5 Qd8 16. Ba3 Bc6 17. Qc2 a6 18. Nd6 Nxd6 19. Bxd6 Re8 20. Rfd1 Nf5 21. Be5 Qa5 22. Bxg7 Kxg7 23. g4 Ne7 24. Ne5 Rab8 $36 {[%mdl 2048] Black is more active.} 25. Nxc6 dxc6 26. Qa2 Red8 27. Qa3 Rxb1 28. Rxb1 Rd7 29. Qa1 {White wants to play d5+.} Qg5 30. Qc3 Qf6 31. Qe3 g5 32. Rb6 (32. Rd1 $11) 32... a5 33. Ra6 Ng6 34. Rxa5 {[#]} Nf4 (34... h6 $1 $17 35. Ra8 Rxd4) 35. Bf1 h6 36. Qe5 (36. Re5 $11 {remains equal.}) 36... Rxd4 $17 37. Qxf6+ Kxf6 {[%mdl 4096] Endgame KRB-KRN} 38. Rc5 Rd1 (38... Rd7 $17) 39. f3 (39. Rxc6 $11 Ra1 40. Ra6) 39... Ra1 (39... Ne2+ $142 40. Kf2 Nd4) 40. Ra5 Ne2+ 41. Kf2 {[#]} Nd4 $1 42. Bd3 Ke7 ({Black should play} 42... Ra3 $17 43. Be4 Rc3) 43. Re5 $2 {[%mdl 8192]} (43. Ra7+ $11 {and White stays safe.} Kf6 44. Ke3) 43... Kd6 $19 ({Much less strong is} 43... Rxa4 44. Re1 $19) 44. Re3 Ra2+ ({But not} 44... Rxa4 45. Re1 $19) 45. Kg1 {Precision: White = 36%, Black = 56%.} 0-1

[Event "RUS-chT Premier League 2018"]
[Site "Sochi"]
[Date "2018.05.07"]
[Round "6"]
[White "Vdovin, Maxim"]
[Black "Faizrakhmanov, Ramil"]
[Result "1/2-1/2"]
[WhiteElo "2139"]
[BlackElo "2419"]
[Annotator "TA"]
[PlyCount "81"]
[EventDate "2018.??.??"]
[EventCountry "RUS"]
[SourceTitle "playchess.com"]
[Source "ChessBase"]
[SourceQuality "1"]

{[%evp 21,81,8,8,5,9,9,20,5,3,13,32,14,32,5,15,0,43,41,35,41,75,63,66,61,93,104,105,104,105,85,89,89,110,100,226,8,6,0,0,0,0,0,0,0,0,0,0,-6,0,0,0,0,0,0,0,0,0,0,0,0,0,0]} 1. d4 Nf6 2. Nf3 g6 3. g3 Bg7 4. Bg2 O-O 5. c4 d6 6. Nc3 Nbd7 7. O-O e5 8. h3 c6 9. e4 Qb6 10. dxe5 Nxe5 11. Nxe5 {E69: King's Indian: Fianchetto: 6...Nbd7 7 0-0 e5 8 e4 c6 9 h3} (11. b3 Nfd7 12. Na4 Nxf3+ 13. Qxf3 Qa5 14. Bb2 Bxb2 15. Nxb2 f5 16. exf5 Nc5 17. Nd3 Bxf5 18. Nxc5 Qxc5 {½-½ (28) Jensen,E (2497)-Habermehl,T (2479) ICCF email 2013}) 11... dxe5 {LiveBook: 20 Games} 12. b3 Re8 13. Be3 Qc7 14. Qc2 Nd7 15. Rad1 Bf8 $146 ({Predecessor:} 15... Nf8 16. c5 Ne6 17. Ne2 b6 18. cxb6 axb6 19. f4 Ba6 20. Rf2 {0-1 (40) Sorensen,D (2005)-Matthiesen,M (2305) Helsingor 2009}) 16. Kh2 b6 17. Rd2 Bc5 18. Qd3 Bxe3 19. Qxe3 Nc5 20. f4 $36 {[%mdl 2048] White has some pressure.} exf4 21. Qxf4 Qxf4 22. gxf4 a5 23. e5 Bb7 24. Ne4 Nxe4 25. Bxe4 Rad8 {[#]} 26. Rfd1 $1 Rxd2+ 27. Rxd2 $16 {[%mdl 4096] Endgame KRB-KRB} f6 (27... Kf8 $16 {was called for.}) 28. Rd6 $2 ({Only move:} 28. Rd7 $18 Bc8 29. Rc7) 28... fxe5 $11 {The position is equal.} 29. fxe5 Rxe5 30. Bxc6 Bxc6 31. Rxc6 {KR-KR} b5 32. cxb5 Rxb5 33. Rc2 Kg7 34. Rf2 Rc5 35. Kg3 g5 36. Rd2 h5 37. Kg2 Kf6 38. a3 Rc3 39. Rd5 Rxb3 40. Rxa5 Rb2+ 41. Kg1 {Precision: White = 48%, Black = 37%.} 1/2-1/2

[Event "RUS-chT Premier League 2018"]
[Site "Sochi"]
[Date "2018.05.08"]
[Round "7"]
[White "Fedoseev, Vladimir"]
[Black "Palachev, Petr"]
[Result "1-0"]
[WhiteElo "2706"]
[BlackElo "2402"]
[Annotator "TA"]
[PlyCount "116"]
[EventDate "2018.??.??"]
[EventCountry "RUS"]
[SourceTitle "playchess.com"]
[Source "ChessBase"]
[SourceQuality "1"]

{[%evp 11,116,22,22,7,6,8,16,6,8,-39,6,0,12,5,5,0,0,0,9,0,0,0,8,13,13,6,11,22,39,40,33,16,33,33,33,33,33,33,28,33,32,33,32,33,37,37,41,0,0,0,0,0,11,12,23,10,164,164,164,164,186,172,183,164,183,130,130,122,121,114,114,114,114,136,141,105,288,199,6079,5994,5943,5904,5509,4998,5300,5131,5740,1339,6051,5412,5102,766,3513,4829,5903,5504,5389,5325,5085,4134,2170,1207,29975,29978,29978,29979,29977]} 1. e4 c6 2. Nc3 d5 3. Nf3 dxe4 4. Nxe4 Nf6 5. Qe2 Nxe4 6. Qxe4 Qd5 {LiveBook: 51 Games. B11: Caro-Kann: Two Knights Variation} 7. Bd3 (7. Qf4 Qf5 8. Qe3 Qxc2 9. Bd3 Qa4 10. O-O Nd7 11. b3 Qb4 12. Bb2 Nf6 13. Bc4 Nd5 14. Qe4 {1-0 (28) Harikrishna,P (2744)-Howell,D (2676) Riadh 2017}) 7... Qxe4+ 8. Bxe4 Be6 $146 {The position is equal.} ({Predecessor:} 8... Nd7 9. d4 Nf6 10. Bd3 Bg4 11. Ne5 Be6 12. c4 Rd8 13. Be3 Ng4 14. Nxg4 Bxg4 {½-½ (60) Braun,C (2393)-Humburg,P (2261) Paderborn 2015}) 9. d3 g6 10. O-O Bg7 11. Re1 Nd7 12. d4 Bd5 13. Bxd5 cxd5 14. a4 e6 15. a5 O-O 16. Re3 Bh6 17. Rb3 Bxc1 18. Rxc1 b6 19. Ra1 Rfc8 20. Ne1 h5 21. c3 Kf8 22. Nd3 Ke7 23. f4 Rcb8 24. axb6 axb6 25. Rba3 Rxa3 26. Rxa3 $14 {[%mdl 4096] Endgame KRN-KRN} Rb7 27. Kf2 Kd6 28. h3 f6 29. f5 gxf5 30. Nf4 h4 31. Ng6 e5 32. Nxh4 f4 33. Ra8 Rb8 $2 (33... Nb8 $11 {and Black has nothing to worry.}) 34. Rxb8 $18 Nxb8 {KN-KN} 35. Kf3 $1 Nc6 {[#]} 36. Nf5+ $1 Ke6 37. Kg4 Na5 38. h4 ({White should play} 38. b4 $18) 38... Nc4 $16 39. h5 {h6 is the strong threat.} Kf7 40. b4 b5 {[#]} 41. g3 $1 fxg3 42. Kxg3 Kf8 43. Kh4 Nd2 $2 (43... e4 $16 44. h6 Kg8) 44. Kg4 Nb3 $2 (44... Nc4 45. dxe5 fxe5) 45. h6 $18 {Intending h7 and mate.} Kg8 46. dxe5 fxe5 47. Ne7+ Kh7 48. Nxd5 Nd2 49. Kf5 (49. Kg5 $142 Nc4 50. Nf6+ Kh8 51. Kf5) 49... Nc4 50. Kg5 Nd6 51. Nf6+ Kh8 52. Kg4 Nf7 53. Kf5 Nxh6+ 54. Kxe5 Kg7 55. Ne8+ Kf8 56. Nd6 Ke7 57. Nf5+ Nxf5 58. Kxf5 Kd6 {Precision: White = 74%, Black = 55%.} 1-0

[Event "RUS-chT Premier League 2018"]
[Site "Sochi"]
[Date "2018.05.08"]
[Round "7"]
[White "Dubov, Daniil"]
[Black "Romanov, Evgeny"]
[Result "1/2-1/2"]
[WhiteElo "2696"]
[BlackElo "2619"]
[Annotator "TA"]
[PlyCount "97"]
[EventDate "2018.??.??"]
[EventCountry "RUS"]
[SourceTitle "playchess.com"]
[Source "ChessBase"]
[SourceQuality "1"]

{[%evp 15,97,5,12,3,4,12,20,11,12,5,12,13,39,31,45,47,27,21,44,44,53,20,37,33,33,33,33,18,30,0,35,0,41,36,33,22,48,33,49,39,38,38,51,47,45,39,42,36,56,2,2,4,4,4,16,8,87,87,87,77,77,60,69,41,41,41,41,41,41,41,41,41,41,41,41,41,41,41,41,41,41,0,41,41]} 1. c4 e5 2. Nc3 Nf6 3. Nf3 Nc6 4. g3 Bb4 5. Bg2 O-O 6. O-O d6 7. Nd5 Bc5 8. e3 Bb6 {LiveBook: 14 Games. A29: English Opening: Four Knights Variation with 4 g3} 9. a4 Ba5 10. d4 Bg4 {[#] Threatens to win with ...e4.The position is equal.} 11. h3 Bh5 {And now ...e4 would win.} 12. g4 Bg6 13. Nh4 $146 ({Predecessor:} 13. Qb3 exd4 14. exd4 Nxd5 15. cxd5 Nb4 16. Bg5 Qb8 {1-0 (34) Romanov,E (2626)-Lubbe,N (2515) Tegernsee 2017}) 13... exd4 14. exd4 Nxd5 15. Nxg6 hxg6 16. Bxd5 Qh4 17. Ra3 Bb4 18. Rf3 Rae8 19. Bf4 Nd8 20. Bg3 Qe7 21. Re3 Qf6 22. Rf3 Qe7 $1 23. Re3 Qf6 24. Qe2 Ne6 25. Rd1 ({Much worse is} 25. Bxb7 Nxd4 26. Qd1 g5 $15) 25... g5 26. Rdd3 a5 27. Kg2 ({Much weaker is} 27. Bxb7 Rb8 $11) 27... c6 28. Bxe6 Rxe6 29. Rxe6 Qxe6 30. Re3 Qf6 31. Re4 Rd8 32. Re8+ (32. Re7 $14) 32... Rxe8 $11 33. Qxe8+ Kh7 34. Qe4+ g6 (34... Kg8 {feels hotter.} 35. Qe2 Kh8 36. Qe3 Kg8 37. Qd3 Qe7) 35. b3 (35. Qe3 {keeps more tension.} Qd8 36. b3 Kg7 37. f4 gxf4 38. Bxf4 f6 39. h4) 35... Qe6 (35... Bd2 $11 {keeps the balance.}) 36. Qxe6 $16 fxe6 {[%mdl 4096] Endgame KB-KB} 37. Kf3 Kg7 38. Ke4 Kf6 39. d5 e5 40. f3 c5 41. Kd3 Ba3 42. Be1 Bb4 43. Bf2 Ba3 44. Bg3 Bb2 45. Be1 b6 46. Bd2 Bd4 47. Ke2 Bg1 48. Kd3 Bh2 49. Ke4 {Precision: White = 58%, Black = 59%.} 1/2-1/2

[Event "RUS-chT Premier League 2018"]
[Site "Sochi"]
[Date "2018.05.08"]
[Round "7"]
[White "Gelfand, Boris"]
[Black "Artemiev, Vladislav"]
[Result "1/2-1/2"]
[WhiteElo "2695"]
[BlackElo "2704"]
[Annotator "TA"]
[PlyCount "81"]
[EventDate "2018.??.??"]
[EventCountry "RUS"]
[SourceTitle "playchess.com"]
[Source "ChessBase"]
[SourceQuality "1"]

{[%evp 12,81,52,55,61,68,53,47,54,54,49,46,37,31,49,52,45,36,48,26,22,27,34,17,17,12,8,15,16,14,52,43,52,16,43,28,57,72,71,72,77,12,10,9,10,20,3,12,79,64,55,61,51,64,53,56,104,58,60,63,83,82,83,87,66,54,62,33,65,0,10,0]} 1. Nf3 g6 2. e4 d6 3. c4 Bg4 4. d4 Nd7 (4... Bg7 5. Be2 Bxf3 6. Bxf3 Nc6 7. Be3 e5 8. d5 Nd4 9. O-O Ne7 10. Nd2 O-O 11. b4 c6 12. dxc6 Nexc6 13. Rb1 Ne6 14. Bg4 f5 15. Bh3 Qe7 16. Nb3 Kh8 17. exf5 gxf5 {½-½ (33) Gelfand,B (2697)-Artemiev,V (2691) Moscow 2017}) 5. Be2 e5 6. Be3 {B07: Pirc Defence: Miscellaneous Systems} Bg7 7. Nc3 {LiveBook: 3 Games} exd4 $146 ({Predecessor:} 7... Ne7 8. d5 Bxf3 9. Bxf3 h5 10. Qd2 Ng8 11. Bg5 f6 12. Be3 {0-1 (51) Filip,L (2461)-Istratescu,A (2670) Vaujany 2014}) 8. Nxd4 {White is slightly better.} Bxe2 9. Ndxe2 Ngf6 10. O-O O-O 11. Qd2 a6 12. f3 Qb8 13. a4 a5 14. Rad1 Re8 15. Nf4 Ne5 16. b3 Nfd7 17. Nfd5 c6 18. Nb6 Nxb6 19. Bxb6 Nd7 20. Be3 Re6 21. Ne2 Bf8 22. Bd4 Qc7 23. Kh1 Ree8 24. Bb2 Rad8 25. Bc3 Ra8 26. Ng3 (26. Qd4 $16 {[%csl Gc3][%cal Rd4h8]} f6 27. g3) 26... Bg7 $1 $11 27. Bxg7 Kxg7 28. f4 $40 {[%mdl 128] Black needs to defend precisely.} Nc5 $1 29. f5 f6 (29... Re5 $11 {keeps the balance.}) 30. Qf4 $16 ({Weaker is} 30. Qxd6 Qxd6 31. Rxd6 Rad8 $17) 30... g5 31. Qxd6 Qxd6 32. Rxd6 {Nh5+ is the strong threat.} Nxe4 33. Rd7+ Kg8 34. Nxe4 Rxe4 35. Rxb7 {[%mdl 4096] Endgame KRR-KRR} Rd8 36. Rc7 Re2 37. Rxc6 Rf2 {[%cal Rf2f1] [#]} 38. Rg1 Rxf5 39. Rb6 Rd3 40. h3 (40. Re1 $14) 40... Kf7 $11 41. Rb5 {Precision: White = 53%, Black = 66%.} 1/2-1/2

[Event "RUS-chT Premier League 2018"]
[Site "Sochi"]
[Date "2018.05.08"]
[Round "7"]
[White "Malakhov, Vladimir"]
[Black "Timofeev, Artyom"]
[Result "1-0"]
[WhiteElo "2691"]
[BlackElo "2579"]
[Annotator "TA"]
[PlyCount "93"]
[EventDate "2018.??.??"]
[EventCountry "RUS"]
[SourceTitle "playchess.com"]
[Source "ChessBase"]
[SourceQuality "1"]

{[%evp 20,93,35,35,23,32,25,22,29,35,32,31,29,35,21,29,37,27,28,34,53,29,31,29,28,27,27,27,29,22,22,20,16,20,20,17,21,15,22,20,23,0,26,4,23,22,23,16,16,16,17,21,24,24,40,18,23,23,30,33,71,76,75,67,81,58,83,88,101,101,195,185,227,247,385,385]} 1. e4 c5 2. Nf3 d6 3. Bb5+ Bd7 4. Bxd7+ Qxd7 5. c4 Nf6 6. Nc3 g6 {B52: Sicilian: Moscow Variation with 3...Bd7} 7. d4 cxd4 8. Nxd4 Bg7 9. h3 Qc7 10. b3 Qa5 11. Bd2 {LiveBook: 30 Games} Nxe4 12. Nxe4 Qe5 13. Qb1 {And now Bc3 would win.} ({Don't blunder} 13. Qg4 $2 f5 $19) 13... f5 14. Bc3 Qxe4+ 15. Qxe4 fxe4 {[#]} 16. Nb5 $146 Bxc3+ $1 17. Nxc3 Nd7 18. Nxe4 O-O 19. O-O Nc5 20. Nxc5 (20. Nc3 {looks sharper.} Nd3 21. Rad1 Ne5 22. f4 Nc6 23. g3) 20... dxc5 $14 {[%mdl 4096] Endgame KRR-KRR} 21. Rae1 Kf7 22. Re5 b6 23. Rfe1 Rfe8 $1 24. g4 Rad8 25. R1e3 e6 26. Kg2 Rd6 27. h4 Kf6 28. a4 Rd4 29. Kg3 Rd1 30. Kg2 Rd4 31. Kf3 Rd1 32. a5 Rh1 33. axb6 axb6 34. g5+ Kf7 35. Kg3 Rg1+ 36. Kh2 Rb1 37. Kg2 Rb2 38. Kg3 Rb1 39. R5e4 Kg7 40. Rd3 Re7 41. f3 e5 42. Ree3 $1 Rg1+ {[#]} 43. Kh2 $1 {[%cal Rh2g1]} Rb1 44. Rd6 h6 (44... Rb7 $16) 45. Rxb6 $18 hxg5 46. hxg5 Rf7 {[#]} (46... Rd7 $142 47. Rxe5 Rd2+ 48. Kg3 Rg1+ 49. Kf4 Rd4+ 50. Re4 Rd7) 47. Re6 $1 {Precision: White = 70%, Black = 54%.} 1-0